Statistics for Pretty Little Liars Quiz

Click here to take the quiz!

General Stats

  • This quiz has been taken 16 times
  • The average score is 12 of 15

Answer Stats

HintAnswer% Correct
Which liar went missing?Alison
100%
Which liar dates her teacher?Aria
100%
Which liar likes swimming?Emily
100%
Which liar shoplifted?Hanna
100%
Which liar has a twin?Spencer
100%
What costume did Jenna and Alison both wear on Halloween?Lady Gaga
85%
Who was Alison referring to when she said "If you ignore it, it will go away"?
Mona
85%
Complete the sentence: "Jenna can't hear us..."She's Blind
85%
Who is the father of Alison's babies?Wren
85%
Who says to Aria "You're little, but you're big?"Spencer
77%
What was the name of the boy Spencer dated before Toby?Alex
69%
What color is the nail polish in the opening credits?Pink
69%
Which test were the students of Rosewood High in the library for during the big storm?SAT
69%
what song were Hanna and Emily dancing to, when Hanna tried to enter a beauty pageant?
Bang Bang
38%
What did the Liars find in their Chinese food?Worms
23%

Score Distribution

Percentile by Number Answered

Percent of People with Each Score

Your Score History

You have not taken this quiz